Szeretet - kapcsolatról gyerekszemmel
Elmentve itt :
| Szerző: | |
|---|---|
| Dokumentumtípus: | Cikk |
| Megjelent: |
1978
|
| Sorozat: | Módszertani közlemények
18 No. 2 |
| Online Access: | http://acta.bibl.u-szeged.hu/26710 |
| LEADER | 00582nab a2200169 i 4500 | ||
|---|---|---|---|
| 001 | acta26710 | ||
| 005 | 20210224125441.0 | ||
| 008 | 161017s1978 hu o 0|| hun d | ||
| 022 | |a 0544-7224 | ||
| 040 | |a SZTE Egyetemi Kiadványok Repozitórium |b hun | ||
| 041 | |a hun | ||
| 100 | 1 | |a Zsolnai Józsefné | |
| 245 | 1 | 0 | |a Szeretet - kapcsolatról gyerekszemmel |h [elektronikus dokumentum] / |c Zsolnai Józsefné |
| 260 | |c 1978 | ||
| 300 | |a 119-121 | ||
| 490 | 0 | |a Módszertani közlemények |v 18 No. 2 | |
| 856 | 4 | 0 | |u http://acta.bibl.u-szeged.hu/26710/1/modszertani_018_002_119-121.pdf |z Dokumentum-elérés |